| 000 | 00688cam a22002171 4500 | ||
|---|---|---|---|
| 008 | |||
| 020 | _a9780156180351 (pbk.) | ||
| 049 | _aMAIN | ||
| 090 |
_aHT111.M8 _bMUM |
||
| 100 | 1 | _aMumford, Lewis. | |
| 245 | 1 | 4 |
_aThe city in history: its origins, its transformations, and its prospects\ _cby Lewis Mumford. |
| 260 |
_aSan Diego _bA Harvest Book, _c1961. |
||
| 300 |
_axi, 657 p. : _bplates, maps. _c25 cm. |
||
| 504 | _aIncludes bibliographical references. | ||
| 650 | 0 |
_aCities and towns _xHistory. |
|
| 907 |
_a.b10187534 _b21-09-12 _c25-01-06 |
||
| 003 | |||
| 005 | 20230123125423.0 | ||
| 040 | _cNUST | ||
| 942 |
_cBOOKS _kHT111.M8 _mMUM |
||
| 999 |
_c141218 _d141218 |
||